wikipediaの文章で市町村当て - Statistics

General Stats
  • This quiz has been taken 726 times
  • The average score is 8 of 20
Answer Stats
市町村 説明 % Correct
白山市 市全域が「山-川-海そして雪 いのちを育む水の旅」をテーマとする○○手取川ジオパークとして認定されている。北部の旧松任市や鶴来町周辺は金沢市の南郊に位置することもあり、ベッドタウンとして人口が急増。
82%
歌志内市 道内の中札内村、更別村、新篠津村の人口をも下回り、また65歳以上が人口比の50%以上を占める限界自治体の一つである。
62%
武豊町 JRA所属騎手の○○は滋賀県栗東市出身であり、○○町には由縁が無いが、同名の縁から1989年と1999年の2度○○町に招かれ、一日町長を務めたことがある。
60%
広島市 ○○市の地理的・経済的特徴を示す語として「3Bの街」という語が挙げられる。これは、市内にバス路線(Bus)が多い、東京・大阪などに本社を持つ企業の支店(Branch)が多い(支店経済都市)、市街地がデルタ地帯にあるため橋(bridge)が多いことに由来する。
58%
日出町 隣接する別府市、杵築市とは、かつて同じ速見郡に属していたことから「別杵速見」(べっきはやみ)と呼ばれ、市民生活、文化面などでの結びつきが強い。
50%
南木曽町 観光地では妻籠地区の妻籠宿や馬籠峠、田立地区の田立の滝、読書地区のかぶと観音が有名である。
49%
常総市 2006年(平成18年)1月1日 - 結城郡石下町を編入。○○市と改称。(中略)既存の市が周辺町村を編入して、市名を改称する事例は、平成の大合併では他に新潟県新井市 → 妙高市がある。
48%
山口市 民間調査会社・ブランド総合研究所が2018年に調査した主要都市の「認知度」では、○○市は△△市や×市を下回り、47都道府県の県庁所在地の中で最下位であった。
47%
横芝光町 成田空港の南側、九十九里浜に面する自然豊かな町で、千葉県内の町村では人口規模が最大。現・九十九里町にて生誕した伊能忠敬が、現・香取市佐原に婿養子にいくまでの少年・青年期を過ごした町としても知られている。
45%
仁淀川町 高知県では中北部に位置し、東隣に吾川郡いの町と高岡郡越知町、南隣に同郡津野町が所在する。北西は愛媛県久万高原町と県境を接する。2005年(平成17年)8月1日 - 吾川郡池川町、吾川村、高岡郡仁淀村が対等合併して誕生。
43%
都留市 「○○」は○○市の位置する桂川(相模川)流域の地域が富士山の裾野を蔓のように延びており、その様子から「連葛」、「豆留」(いずれも「○○」)とよばれていたことに由来するとされている。
42%
幸田町 JR東海道本線が町を南北に縦断し、町内には3ヶ所の駅がある。○○駅が町の中心駅となっており、一部の快速・新快速・特別快速列車が停車する。
41%
黒潮町 今後発生が予見されている南海トラフ巨大地震の際には、町内の海岸に最大19mの津波が到達することが予想されている。この値は、高知県下の市町別では最大値となっている。(中略)佐賀地域では土佐カツオ一本釣り漁業が盛んであり、近年は完全天日塩も代表的な特産物となっている。
40%
南大東村 サトウキビ栽培を目的として開拓されたため、今日まで島の基幹産業はサトウキビ栽培と製糖業である。1984年(昭和59年)までは、△△糖業によるサトウキビ輸送のための専用鉄道(△△糖業○○事業所の砂糖運搬専用軌道)も存在した。
37%
阿南町 長野県内では地方公共団体の町は「まち」と読むのが通例であるが、○○町は唯一「ちょう」と読む。これは○○町に近い東海地方において「ちょう」と読む傾向にあるため、その影響を受けたというのが町役場の見解である。
29%
東峰村 2005年3月28日、小石原村と宝珠山村が合併して発足した自治体である。「平成の大合併」で合併して発足した市町村でも数少ない村制を敷いた自治体であり、合併後の新村の人口が約3,000人しかない「ミニ合併」として有名になった。
29%
小城市 肥前の小京都「○○」として全国京都会議に加盟している。
21%
和束町 鎌倉時代より続く高級煎茶の産地である。江戸時代には禁裏御領地となり、御所にも納められていた。しかし、明治時代においては宇治や宇治田原の茶よりも品質は下位とみられていた。
17%
西桂町 1893年(明治26年)6月3日 - 桂村が分割され、大字上暮地・下暮地・小沼・倉見の区域をもって○○村が発足。1952年(昭和27年)9月15日 - ○○村が町制施行して○○町となる。
16%
遠野市 ○○は北海道と並びジンギスカンの人気が高い。一般的な焼き肉と違い、○○ではジンギスカンを食べる際に金属製のバケツ(ジンギスカンバケツ)の中に固形燃料を入れ、バケツの上にジンギスカン鍋をのせて肉を焼いて食べるのが一般的である。
9%
No matching quizzes found
Score Distribution
Percent of People with Each Score
Percentile by Number Answered
Your Score History
You have not taken this quiz